header

Europe's invisible migrants (Record no. 64499)

MARC details
000 -LEADER
fixed length control field 01349nam a2200349 a 4500
082 04 - DEWEY DECIMAL CLASSIFICATION NUMBER
Classification number 304.8/4
245 00 - TITLE STATEMENT
Title Europe's invisible migrants
260 ## - PUBLICATION, DISTRIBUTION, ETC. (IMPRINT)
Place of publication Amsterdam :
Name of publisher Amsterdam University Press,
Year of publication 2003.
300 ## - PHYSICAL DESCRIPTION
Number of Pages 246 p. :
Other physical details map.
650 #0 - SUBJECT ADDED ENTRY--TOPICAL TERM
Topical Term Decolonization.
Topical Term Return migration
700 1# - ADDED ENTRY--PERSONAL NAME
Personal name Smith, Andrea L.
856 40 - ELECTRONIC LOCATION AND ACCESS
Uniform Resource Identifier http://site.ebrary.com/lib/rucke/Doc?id=10053688

No items available.

© 2026 Rongo University
Contact us: librarian | system librarian | Rongo university